Условия гипергенной миграции и концентрации золота; Геология и геофизика; № 6

Bibliografiske detaljer
Parent link:Геология и геофизика: научный журнал/ Российская академия наук (РАН), Сибирское отделение (СО).— , 1960-.— 0016-7886
№ 6.— 1977.— С. 99-108
Andre forfattere: Росляков Н. А., Поликарпочкин В. В., Нестеренко Г. В., Удодов П. А. Павел Афанасьевич, Мельникова Р. Д., Гапон А. Е., Шерген Б. В., Шварцев С. Л. Степан Львович
Sprog:russisk
Udgivet: 1977
Fag:
Format: Book Chapter
KOHA link:https://koha.lib.tpu.ru/cgi-bin/koha/opac-detail.pl?biblionumber=410252

MARC

LEADER 00000naa2a2200000 4500
001 410252
005 20231101071314.0
035 |a (RuTPU)RU\TPU\prd\64157 
035 |a RU\TPU\tpu\13464 
090 |a 410252 
100 |a 20090317a1977 k y0rusy50 ca 
101 0 |a rus 
102 |a RU 
200 1 |a Условия гипергенной миграции и концентрации золота 
320 |a Библиогр.: 21 назв. 
461 1 |0 (RuTPU)RU\TPU\prd\1420  |x 0016-7886  |t Геология и геофизика  |o научный журнал  |f Российская академия наук (РАН), Сибирское отделение (СО)  |d 1960- 
463 1 |0 (RuTPU)RU\TPU\prd\63499  |t № 6  |v С. 99-108  |d 1977 
610 1 |a труды учёных ТПУ 
701 1 |a Росляков  |b Н. А.  |4 070 
701 1 |a Поликарпочкин  |b В. В.  |4 070 
701 1 |a Нестеренко  |b Г. В. 
701 1 |a Удодов  |b П. А.  |c российский ученый  |c геохимик  |c профессор Томского политехнического института  |f 1903-1981  |g Павел Афанасьевич  |2 stltpush  |3 (RuTPU)RU\TPU\pers\9241  |4 070 
701 1 |a Мельникова  |b Р. Д.  |4 070 
701 1 |a Гапон  |b А. Е.  |4 070 
701 1 |a Шерген  |b Б. В.  |4 070 
701 1 |a Шварцев  |b С. Л.  |c российский гидрогеолог, доктор геолого-минералогических наук  |c профессор Томского политехнического университета, академик РАЕН  |f 1936-  |g Степан Львович  |2 stltpush  |3 (RuTPU)RU\TPU\pers\25914  |4 070 
801 1 |a RU  |b 63413507  |c 20071008  |g PSBO 
801 2 |a RU  |b 63413507  |c 20101110  |g PSBO 
942 |c BK